<?xml version="1.0" encoding="UTF-8"?>
<collection xmlns="http://www.loc.gov/MARC21/slim">
 <record>
  <leader>01654pam a22003018a 4500</leader>
  <controlfield tag="001">00023873</controlfield>
  <controlfield tag="005">20171026081022.0</controlfield>
  <controlfield tag="008">110701s2002                  ||||||Viesd</controlfield>
  <datafield tag="041" ind1="0" ind2="#">
   <subfield code="a">Vie</subfield>
  </datafield>
  <datafield tag="082" ind1="1" ind2="4">
   <subfield code="a">612</subfield>
   <subfield code="b">GI103PH</subfield>
  </datafield>
  <datafield tag="100" ind1="0" ind2="#">
   <subfield code="a">Nguyễn Quang Mai</subfield>
   <subfield code="e">Chủ biên</subfield>
  </datafield>
  <datafield tag="245" ind1="0" ind2="0">
   <subfield code="a">Giải phẫu sinh lý người</subfield>
   <subfield code="b">Giáo trình dùng cho các trường cao đẳng sư phạm</subfield>
   <subfield code="c">Nguyễn Quang Mai; Nguyễn Thúy Nga, Quách Thị Tài</subfield>
   <subfield code="n">T.1</subfield>
   <subfield code="p">Phần Lý thuyết</subfield>
  </datafield>
  <datafield tag="250" ind1="#" ind2="#">
   <subfield code="a">In lần thứ 2</subfield>
  </datafield>
  <datafield tag="260" ind1="#" ind2="#">
   <subfield code="a">H.</subfield>
   <subfield code="b">Giáo dục</subfield>
   <subfield code="c">2002</subfield>
  </datafield>
  <datafield tag="300" ind1="#" ind2="#">
   <subfield code="a">256tr.</subfield>
   <subfield code="c">27 cm.</subfield>
  </datafield>
  <datafield tag="500" ind1="#" ind2="#">
   <subfield code="a">Bộ giáo dục và đào tạo</subfield>
  </datafield>
  <datafield tag="650" ind1="#" ind2="4">
   <subfield code="a">Giải phẫu</subfield>
  </datafield>
  <datafield tag="653" ind1="#" ind2="#">
   <subfield code="a">Con người</subfield>
  </datafield>
  <datafield tag="653" ind1="#" ind2="#">
   <subfield code="a">Sinh lý</subfield>
  </datafield>
  <datafield tag="700" ind1="0" ind2="#">
   <subfield code="a">Quách Thị Tài</subfield>
  </datafield>
  <datafield tag="700" ind1="0" ind2="#">
   <subfield code="a">Trần Thúy Nga</subfield>
  </datafield>
  <datafield tag="852" ind1="#" ind2="#">
   <subfield code="b">Kho mượn</subfield>
   <subfield code="j">KGT.0008037</subfield>
  </datafield>
  <datafield tag="852" ind1="#" ind2="#">
   <subfield code="j">KGT.0008037, KGT.0008038, KGT.0008039, KGT.0008040, KGT.0008041, KGT.0008042, KGT.0008043, KGT.0008044, KGT.0008045, KGT.0008046, KGT.0008047, KGT.0008048, KGT.0008049, KGT.0008050, KGT.0008051, KGT.0008052, KGT.0008053, KGT.0008054, KGT.0008055, KGT.0008056, KGT.0008057, KGT.0008058, KGT.0008059, KGT.0008060, KGT.0008061, KGT.0032924</subfield>
   <subfield code="b">Kho giáo trình</subfield>
  </datafield>
  <datafield tag="852" ind1="#" ind2="#">
   <subfield code="j">KGT.0008051</subfield>
   <subfield code="j">KGT.0008052</subfield>
   <subfield code="j">KGT.0008053</subfield>
   <subfield code="j">KGT.0008054</subfield>
   <subfield code="j">KGT.0008056</subfield>
   <subfield code="j">KGT.0008057</subfield>
   <subfield code="j">KGT.0008038</subfield>
   <subfield code="j">KGT.0008039</subfield>
   <subfield code="j">KGT.0008041</subfield>
   <subfield code="j">KGT.0008042</subfield>
   <subfield code="j">KGT.0008046</subfield>
   <subfield code="j">KGT.0008047</subfield>
   <subfield code="j">KGT.0008043</subfield>
   <subfield code="j">KGT.0008044</subfield>
   <subfield code="j">KGT.0008049</subfield>
   <subfield code="j">KGT.0008037</subfield>
   <subfield code="j">KGT.0008040</subfield>
   <subfield code="j">KGT.0008045</subfield>
   <subfield code="j">KGT.0008048</subfield>
   <subfield code="j">KGT.0008050</subfield>
   <subfield code="j">KGT.0008055</subfield>
   <subfield code="j">KGT.0032924</subfield>
  </datafield>
  <datafield tag="910" ind1="0" ind2="#">
   <subfield code="d">01/07/2011</subfield>
  </datafield>
  <datafield tag="980" ind1="#" ind2="#">
   <subfield code="a">Trung tâm Học liệu Lê Vũ Hùng, Trường Đại học Đồng Tháp</subfield>
  </datafield>
 </record>
</collection>
